000 01098cam a22002055a 4500
001 L157120
008 120904s1837 xxk f 000 0 eng d
035 _a(Sirsi) u157120
041 0 _aeng
100 1 _aStephenson, George
245 0 0 _aBirmingham and Derby Junction Railway
_bplan of a line of railway commencing in th township of Bolehall, in the Parish of Tamworth. And terminating by a junction with the London and Birmingham Railway, on the Northern side of thee Dunchurch and Lutterworth Turnpike Road in the Parish of Rugby, both in the County of Warwick
260 _aLondon
_bC. F. Cheffins
_c[1837]
300 _a14 maps in 1 v.
_bcol., dissected and mounted on linen
_c21 cm.
520 _aCover title: Birmingham & Derby Junction Railway, Session 1837.
520 _aThe maps have been mounted on to guards and then bound within one volume. Each map is folded separately. A handwritten index has been bound in to the front of the volume.
583 _aCondition reviewed
_c20120620
_lcondition level 4
651 4 _aEngland
_y886-
690 _aInfrastructure
_96246
942 _n0
999 _c114610
_d114610